Adaptívna IP telefónia a jej aplikácia pre rozvoj e-Learningu = Adaptive IP telephony and its application for e-Learning growth : Bakalárska práca

Gespeichert in:
Bibliographische Detailangaben
1. Verfasser: Vyskoč, Marek, 1985- (Verfasst von)
Weitere Verfasser: Ožvoldová, Miroslava, 1949- (xxx)
Format: Manuskript Buch
Sprache:Slowakisch
Veröffentlicht: Trnava : STU v Bratislave MTF UIAM, 2008
Schlagworte:
Tags: Tag hinzufügen
Keine Tags, Fügen Sie das erste Tag hinzu!

MARC

LEADER 00000ntm a22000003a 4500
001 stu170652
005 20160719155856.4
008 080929s2008----xo------------------slo-d
040 |a STU  |b slo 
041 0 |a slo 
044 |a xo 
100 1 |a Vyskoč, Marek,  |d 1985-  |4 aut  |X 25270  |7 A000025270 
245 1 |a Adaptívna IP telefónia a jej aplikácia pre rozvoj e-Learningu = Adaptive IP telephony and its application for e-Learning growth :  |b Bakalárska práca 
260 |a Trnava :  |b STU v Bratislave MTF UIAM,  |c 2008 
300 |a 54 s  |c príl (1 CD-ROM) 
500 |a Študijný program: aplikovaná informatika a automatizácia v priemysle 
500 |a Kombinácia študijných odborov: 5.2.14 automatizácia, 9.2.9 aplikovaná informatika 
650 7 |a IP telefónia  |2 stusub 
650 7 |a e-learning  |2 estusub 
700 1 |a Ožvoldová, Miroslava,  |d 1949-  |4 xxx  |u M210  |U MTF Ústav materiálov  |T MTF Katedra fyziky  |X 312  |U M210  |Y M210  |7 A000000312 
996 |b 284M068564  |c M*BP-3267  |l MMSKP  |s P  |a 0  |w stu170652_0001